進 化 思 想 の 歴 史
Αποθηκεύτηκε σε:
| Κύριος συγγραφέας: | |
|---|---|
| Μορφή: | Βιβλίο |
| Γλώσσα: | Undetermined |
| Έκδοση: |
Tokyo
Tuttle-Mori agency Inc.
1984
|
| Θέματα: | |
| Ετικέτες: |
Προσθήκη ετικέτας
Δεν υπάρχουν, Καταχωρήστε ετικέτα πρώτοι!
|
| Thư viện lưu trữ: | Trung tâm Học liệu Trường Đại học Cần Thơ |
|---|
| LEADER | 00512nam a2200181Ia 4500 | ||
|---|---|---|---|
| 001 | CTU_236345 | ||
| 008 | 210402s9999 xx 000 0 und d | ||
| 082 | |a 467 | ||
| 082 | |b B787 | ||
| 100 | |a Bowler, Peter J. | ||
| 245 | 0 | |a 進 化 思 想 の 歴 史 | |
| 245 | 0 | |c Peter J. Bowler, Zenji Suzuki | |
| 260 | |a Tokyo | ||
| 260 | |b Tuttle-Mori agency Inc. | ||
| 260 | |c 1984 | ||
| 650 | |a Spanish language,Tiếng Tây Ban Nha | ||
| 910 | |b dqhieu | ||
| 980 | |a Trung tâm Học liệu Trường Đại học Cần Thơ | ||